00335 2200145 4500001002100000005001500021035002000036245004800056100001900104300001200123260002000135082000800155084001400163990001200177INLIS00000000000201620250527084953 a0010-05250003081 aHeart Beat ( Dekor Hati ) /cDanielte Steak0 aDanielte Steak a537 hlm bGramedia,c2005 a813 a813 DAN h a0712671